000 00548nam a2200181Ia 4500
008 090124s9999 xx 000 0 und d
082 _b17144
_a5015
100 _aशहा सुरेखा
245 _a स्वप्न गवसले हाती
250 _a1
260 _c1968
300 _a104
600 _aशहा सुरेखा
630 _a स्वप्न गवसले हाती
700 _aशहा सुरेखा
730 _a स्वप्न गवसले हाती
942 _cBOOK
999 _c131084
_d131084